| 000 | 00469 a2200157 4500 | ||
|---|---|---|---|
| 020 | _a9780070147263 | ||
| 040 |
_aDLC _bDLC |
||
| 082 | _a155.232 | ||
| 100 | _aTal Ben-Shahar | ||
| 245 |
_aThe pursuit of perfect: how to stop chasing perfection and start living a richer, happier life _cTal Ben-Shahar |
||
| 260 |
_aNew Delhi _bMcgraw Hill _c2010 |
||
| 300 | _a246 p. | ||
| 650 | _aHappiness--Self-acceptance | ||
| 700 | _aTal Ben-Shahar | ||
| 942 |
_cBK _k155.232 BIN _2ddc |
||
| 999 |
_c10739 _d10739 |
||